Flags of the Middle East in 1923 - Statistics

General Stats
  • This quiz has been taken 53 times
    8 since last reset
  • The average score is 10 of 23
Answer Stats
Picture Hint Answer % Correct
Qajar Iran
100%
Republic of Turkey
100%
France State of Greater Lebanon
100%
United Kingdom Qatar Protectorate
88%
United Kingdom Bahrain and its Dependencies
75%
Kingdom of Egypt
75%
United Kingdom Mandatory Iraq
50%
United Kingdom Emirate of Transjordan
38%
United Kingdom Mandatory Palestine
38%
United Kingdom Sheikhdom of Kuwait
38%
French Syria State of Aleppo
38%
French Syria State of Damascus
38%
United Kingdom Sultanate of Muscat and Oman
38%
Sultanate of Nejd
38%
United Kingdom Aden Protectorate
25%
French Syria Alawite State
25%
Kingdom of Hejaz
25%
Mutawakkilite Kingdom of Yemen
25%
French Syria State of Jabal al-Druze
25%
United Kingdom Crown Colony of Cyprus
13%
Idrisid Emirate of Asir
13%
Principality of Najran
13%
United Kingdom Trucial States
13%
No matching quizzes found
Score Distribution
Percent of People with Each Score
Percentile by Number Answered
Your Score History
You have not taken this quiz since the last reset